Excellence in library management

Bibliographic Details
Other Authors: Bellanti, Robert, Georgi, Charlotte
Format: Book
Published: New York : The Haworth Press , 1985
Subjects:

MARC

LEADER 00000cam a2200000 7i4500
001 0000001932
002 000002099
005 20000330.0
020 |a 0866564780 
090 0 0 |a 025.1   |b EXC 
245 0 0 |a Excellence in library management   |c edited by Charlotte Georgi and Robert Bellanti 
260 |a New York :   |b The Haworth Press ,   |c 1985 
300 |a 71p. ;   |c 22 cm. 
650 0 0 |a Library administration   |x Addresses,essays,lectures 
700 1 |a Bellanti, Robert 
700 1 |a Georgi, Charlotte 
999 |a 033748   |b BUKU   |c RUJUKAN   |e PERPUSTAKAAN KOMUNITI PETALING JAYA